शैक्षणिक योग्यता की पहचान एवं शिक्षण विधियाँ (Record no. 17464)
[ view plain ]
| 000 -LEADER | |
|---|---|
| fixed length control field | 00367nam a22001217a 4500 |
| 003 - CONTROL NUMBER IDENTIFIER | |
| control field | SGT |
| 082 ## - DEWEY DECIMAL CLASSIFICATION NUMBER | |
| Classification number | 370 |
| Item number | SHA |
| 100 ## - MAIN ENTRY--PERSONAL NAME | |
| Personal name | शर्मा , पी. एन |
| 245 ## - TITLE STATEMENT | |
| Title | शैक्षणिक योग्यता की पहचान एवं शिक्षण विधियाँ |
| 260 ## - PUBLICATION, DISTRIBUTION, ETC. (IMPRINT) | |
| Place of publication, distribution, etc | DELHI |
| Name of publisher, distributor, etc | SR PUB. |
| Year of Publication | 2016 |
| 300 ## - PAGE DESCRIPTION | |
| No. of Pages | 290 |
| 942 ## - ADDED ENTRY ELEMENTS (KOHA) | |
| Source of classification or shelving scheme | Dewey Decimal Classification |
| Koha item type | Books |
| 942 ## - ADDED ENTRY ELEMENTS (KOHA) | |
| -- | 1 |
| Withdrawn status | Lost status | Source of classification or shelving scheme | Damaged status | Not for loan | Collection code | Home library | Current library | Date acquired | SGTU | Total Checkouts | Full call number | Accession No. (Barcode) | Date last seen | Date last borrowed | Bill Date | Koha item type |
|---|---|---|---|---|---|---|---|---|---|---|---|---|---|---|---|---|
| Dewey Decimal Classification | EDUCATION | SGT Engineering Library | SGT Engineering Library | 13/04/2019 | SGTU | 1 | 370 SHA | ED4216 | 27/06/2022 | 18/03/2021 | 13/04/2019 | Books | ||||
| Dewey Decimal Classification | EDUCATION | SGT Engineering Library | SGT Engineering Library | 13/04/2019 | SGTU | 370 SHA | ED4217 | 13/04/2019 | 13/04/2019 | Books | ||||||
| Dewey Decimal Classification | EDUCATION | SGT Engineering Library | SGT Engineering Library | 13/04/2019 | SGTU | 370 SHA | ED4218 | 13/04/2019 | 13/04/2019 | Books | ||||||
| Dewey Decimal Classification | EDUCATION | SGT Engineering Library | SGT Engineering Library | 13/04/2019 | SGTU | 1 | 370 SHA | ED4219 | 11/06/2021 | 15/04/2021 | 13/04/2019 | Books | ||||
| Dewey Decimal Classification | EDUCATION | SGT Engineering Library | SGT Engineering Library | 13/04/2019 | SGTU | 1 | 370 SHA | ED4220 | 11/12/2021 | 29/11/2021 | 13/04/2019 | Books |